000 00676nam a22002417a 4500
003 UA-OsUOA
001 47886
007 ta
008 20121030b un ||||| |||| 00| 0 ukr d
100 _aКардиналовська М.
090 _a7/82-1
_bК21
942 _cBK
040 _aUA-OsUOA
_bukr
_cUA-OsUOA
_dUA-OsUOA
245 _aРайдужний міст
300 _a96 с.
955 _a3
041 _aukr
080 _a7/82-1
260 _aН.-Й.
_bСлово
_c1976
650 7 _a7 Мистецтво. Ігри. Спорт.
_2UDC
999 _c427987
_d427987